000 00608nam a2200193Ia 4500
005 20260601193235.0
008 260601s9999||||xx |||||||||||||| ||und||
020 _a978-981-97-0688-4
_qebk
100 _aRachid Guerraoui
245 0 _aRobust Machine Learning
250 _a2024
260 _aHeidelberg, Germany
_bSpringer Nature
_c2024
440 _aMachine Learning: Foundations, Methodologies, and Applications
650 _aComputer Science
700 _aNirupam Gupta
700 _aRafael Pinot
856 _uhttps://link.springer.com/openurl?genre=book&isbn=978-981-97-0688-4
942 _cEB
_2ddc
999 _c56225
_d56225